Chess Player to Country - Click Quiz - Statistics

General Stats
  • This quiz has been taken 69 times
  • The average score is 13 of 22
Answer Stats
Hint Answer % Correct
Magnus Carlsen Norway
91%
Ding Liren China
89%
Viswanathan Anand India
86%
Bobby Fisher United States
86%
José Raúl Capablanca Cuba
79%
Maxime Vachier-Lagrave France
75%
Boris Spassky Russia
73%
Jan-Krzysztof Duda Poland
68%
Nodirbek Abdusattorov Uzbekistan
66%
Judit Polgár Hungary
57%
Howard Staunton United Kingdom
57%
Veselin Topalov Bulgaria
54%
Shakhriyar Mamedyarov Azerbaijan
52%
Bassem Amin Egypt
52%
Emanuel Lasker Germany
50%
Bent Larsen Denmark
46%
Parham Maghsoodloo Iran
46%
Jan Timman Netherlands
45%
Mikhail Tal Latvia
43%
Henrique Costa Mecking Brazil
41%
Tigran Petrosian Armenia
39%
Paul Keres Estonia
21%
No matching quizzes found
Score Distribution
Percent of People with Each Score
Percentile by Number Answered
Your Score History
You have not taken this quiz